Normal view
MARC view
Entry Geographic Name
001 - CONTROL NUMBER
- control field: 21824
003 - CONTROL NUMBER IDENTIFIER
- control field: ARRUPE
005 - DATE AND TIME OF LATEST TRANSACTION
- control field: 20160126143404.0
008 - FIXED-LENGTH DATA ELEMENTS
- fixed length control field: 160126|| aca||aabn | a|a d
040 ## - CATALOGING SOURCE
- Original cataloging agency: ARRUPE
- Transcribing agency: ARRUPE
151 ## - HEADING--GEOGRAPHIC NAME
- Geographic name: Italy
- General subdivision: Emigration and immigration.
670 ## - SOURCE DATA FOUND
- Source citation: Work cat.: (ARRUPE)0: Moore, Martin. 21823, Fourth shore ;, [1940]